000 00236nam a2200097Ia 4500
008 220204s9999 xx 000 0 und d
082 _a912(084.3)(6)
_bJOH
100 _aJohn Bartholomew
245 0 _aWorld travel map: Africa
942 _cBK
999 _c37679
_d37679